00444nam a2200205Ia 4500003000900000008004100009040001300050040001300063041000800076100002600084100000800110245003000118250000900148260002100157260000900178300001100187300001000198490002400208490000600232IT-RoPAU120407s9999 xx 000 0 und d aIT-RoPAU cIT-RoPAU aita aAlfonso M. De Liguori csan aOpuscoli sulla vocazione. aAlba aEdizioni Paoline c1943 a205 p. c18 cm aFiore d. Padri, 15 v1